00475nam a2200145 a 450000500170000000800410001702000180005805000180007610000210009424500400011526000320015530000090018799900190019695201140021520140412111223.0100122s19uu xx 00 eng d a0-439-72622-0 aERbHa14 1995 aRoberts, Bethany aHalloween Mice! /cBethany Roberts. aU.S.A :bScholastic,c1995. a32p. c101985d101985 00104050aELbELcERd2014-01-23eGiftg135.00l0oER Ha14 1995pE0226r2014-04-12 00:00:00w2014-04-12yBK